Johann Sebastian Bach: las variaciones Goldberg

Sparad:
Bibliografiska uppgifter
Huvudupphovsman: Metzger, Heinz Klaus (autor)
Materialtyp: Bok
Språk:spanska
Publicerad: Barcelona Labor 1992
Serie:Colección enfoques
Ämnen:
Taggar: Lägg till en tagg
Inga taggar, Lägg till första taggen!

MARC

LEADER 00000nam a2200000 a 4500
001 UCY2053
003 CL-VaPUC
005 20250224114856.0
008 941006e19920000SP |||||||||||||||||spa|d
999 |c 230565  |d 230563 
040 |c Pontificia Universidad Católica de Valparaíso 
082 0 4 |a 781.825092 MET 1992  |2 21 
100 |a Metzger, Heinz Klaus  |e autor  |9 330110 
245 1 0 |a Johann Sebastian Bach: las variaciones Goldberg 
260 |a Barcelona  |b Labor  |c 1992 
300 |a 121 p 
490 0 |a Colección enfoques 
583 |a last modification  |c 19941006 00:00:00  |k Rodrigo Vera 
600 0 |a Bach, Johann Sebastian  |d 1685-1750  |e compositor  |9 269760 
650 0 |a Variaciones  |9 539370 
650 0 |a Compositores alemanes  |9 324765 
942 |c BK  |2 ddc 
945 |d 19941006 00:00:00  |a mfernand 
952 |0 0  |1 0  |4 0  |6 781_825092000000000_MET_1992  |7 0  |8 A  |9 232936  |a BIBEDU  |b BIBEDU  |d 2019-11-15  |i 3021963  |o 781.825092 MET 1992  |p 3021963  |r 2023-01-12  |w 2019-11-15  |y BK  |k MUS